So lebten die alten Ägypter : Führer durch das Museum für Völkerkunde und Schweizerische Museum für Volkskunde Basel, Sonderausstellung 1976/77 /
Corporate Author:
Other Authors:
Format: Book
Language: German
Published:
Basel :
Museum für Völkerkunde,
c1976.
Subjects:
Tags: Add Tag
Call Number: DT59 .B3 S68 1976
| LEADER | 00970namaa2200253 4500 | ||
|---|---|---|---|
| 001 | 13427 | ||
| 003 | OSt | ||
| 005 | 20260510062411.0 | ||
| 008 | 130303s1976 sz a bc 000 0 ger d | ||
| 010 | |a 77476975 | ||
| 040 | |c ARCE Library | ||
| 043 | |a f-ua--- | ||
| 050 | 4 | |a DT59 .B3 S68 1976 | |
| 245 | 0 | 0 | |a So lebten die alten Ägypter : |b Führer durch das Museum für Völkerkunde und Schweizerische Museum für Volkskunde Basel, Sonderausstellung 1976/77 / |c [Gestaltung von Katalog und Ausstellung, Robert Hiltbrand]. |
| 264 | 1 | |a Basel : |b Museum für Völkerkunde, |c c1976. | |
| 300 | |a 76 pages : |b illustrations ; |c 21 cm. | ||
| 504 | |a Includes bibliographical references. | ||
| 651 | 0 | |a Egypt |x Antiquities |x Exhibitions. | |
| 651 | 0 | |a Egypt |x Civilization |y To 332 B.C. |x Exhibitions. | |
| 700 | 1 | |a Hiltbrand, Robert. |9 32084 | |
| 710 | 2 | |a Museum für Völkerkunde und Schweizerisches Museum für Volkskunde Basel. | |
| 901 | |a reviewed | ||
| 942 | |c BK |2 lcc | ||
| 999 | |c 13320 |d 13320 | ||
